000 00367nam a2200145Ia 4500
008 150201s2008 xx 000 0 und d
082 _a612.015
_bP08W
100 _aWILSON,K
245 _aPRINCIPLES&TECHNICIANS OF BIOCHEMISTRY& MOLECULA BIOLOGY
250 _a6TH
260 _bCAMBRIDGE
_aN.YORK
_c2008
300 _a1-783
650 _aBIOCHEMISTRY
942 _2ddc
_cBK
999 _c360
_d360